Missing Word: 'I' #1s Quiz Stats

 Plays Quiz Updated Sep 22, 2013

Support Sporcle.
Go Orange.
Score 0/13 Timer 02:00
0 Plays Today
Single Title 'I' Word % Correct
____ Bitsy Teenie Weenie Yellow Polka Dot BikiniItsy
94.2%
Ebony and ____Ivory
93.8%
____ ____ BabyIce
89.9%
____ You Leave Me NowIf
88.7%
Love You ____ OutInside
77.3%
____ It a PityIsn't
73.7%
____ in the StreamIslands
66%
____ Reservation (Lament of the Cherokee Reservation ____)Indian
65.7%
Just My ____ (Running Away with Me)Imagination
65.4%
____ Women Part IIndependent
44.3%
(You're My) Soul and ____Inspiration
41%
____ TouchInvisible
40.6%
____ and PeppermintsIncense
26.8%

Today's Daily Dose

You're not logged in!

Compare scores with friends on all Sporcle quizzes.
OR
Log In
Forgot?

From the Vault

Movies by Series

by RyanM

Movies 10m
We just can't wait for Disney to take all these movie franchises and smash them together Avengers style.
Remove Ads.
Support Sporcle.
Get the best of Sporcle when you Go Orange. This ad-free experience offers more features, more stats, and more fun while also helping to support Sporcle. Thank you for becoming a member.

Show Comments

Extras

Top Quizzes Today


Score Distribution

Your Account Isn't Verified!

In order to create a playlist on Sporcle, you need to verify the email address you used during registration. Go to your Sporcle Settings to finish the process.

Report this User

Report this user for behavior that violates our Community Guidelines.

Details: